El agrarismo de la revolución mexicana

I tiakina i:
Ngā taipitopito rārangi puna kōrero
Kaituhi matua: Menegus Bornemann, Margarita (autora)
Hōputu: Pukapuka
Reo:Pāniora
I whakaputaina: Madrid Eds. de Cultura Hispanica 1990
Rangatū:Antología del pensamiento político, social y económico de America Latina, 9
Ngā marau:
Ngā Tūtohu: Tāpirihia he Tūtohu
Kāore He Tūtohu, Me noho koe te mea tuatahi ki te tūtohu i tēnei pūkete!

MARC

LEADER 00000nam a2200000 a 4500
001 UCX7898
003 CL-VaPUC
008 940112e19900000SP |||||||||||||||||spa|d
082 0 4 |a 972.08  |b MEN  |2 21 
100 |a Menegus Bornemann, Margarita  |e autora  |9 324864 
245 1 3 |a El agrarismo de la revolución mexicana 
300 |a 124 p 
942 |c BK 
945 |d 19940112 00:00:00  |a aalvarez 
260 |a Madrid  |b Eds. de Cultura Hispanica  |c 1990 
650 0 |a REFORMA AGRARIA  |9 256789 
650 0 |a Historia siglo 20  |9 255736 
651 0 |a México  |9 255269 
583 |a last modification  |c 19940112 00:00:00  |k Rodrigo Vera 
490 0 |a Antología del pensamiento político, social y económico de America Latina, 9 
999 |c 227574  |d 227572 
952 |0 0  |1 0  |4 0  |6 972_080000000000000_MEN_1990  |7 0  |8 A  |9 226690  |a BIBHIS  |b BIBHIS  |d 2019-11-15  |i 2958325  |o 972.08 MEN 1990  |p 2958325  |r 2025-01-20  |w 2019-11-15  |y BK  |k HIS